[Event "DEM U12w 2017"]
[Site "Willingen GER"]
[Date "2017.06.09"]
[Round "9"]
[White "Liu, Sijia Anna"]
[Black "Oswald, Hannah"]
[Result "1-0"]
[Termination "normal"]
[Board "1"]
[WhiteElo "1529"]
[BlackElo "1502"]
[WhiteClock "00:09:42"]
[BlackClock "00:19:31"]
[PlyCount "115"]
[WhiteFideId "12989746"]
[BlackFideId "16214960"]
[EventCountry "GER"]
[EventRounds "11"]
[EventType "swiss"]
[EventDate "2017.06.03"]

1. e4 {[%clk 1:15:59]} 1... e5 {[%clk 1:15:49]} 2. Nc3 {[%clk 1:16:16]} 2...
Nf6 {[%clk 1:16:01]} 3. f4 {[%clk 1:16:32]} 3... exf4 {[%clk 1:16:06]} 4. e5 {
[%clk 1:16:32]} 4... Ng8 {[%clk 1:12:49]} 5. Nf3 {[%clk 1:12:59]} 5... Nc6 {
[%clk 1:10:05]} 6. Bc4 {[%clk 1:05:09]} 6... d6 {[%clk 1:01:30]} 7. d4 { [%clk
1:00:10]} 7... dxe5 {[%clk 1:00:51]} 8. dxe5 {[%clk 0:58:42]} 8... Qxd1+ {[%clk
1:00:13]} 9. Nxd1 {[%clk 0:58:37]} 9... Bc5 {[%clk 0:56:58]} 10. Bxf4 { [%clk
0:55:24]} 10... Bf5 {[%clk 0:51:53]} 11. Bb3 {[%clk 0:51:43]} 11... Nd4 { [%clk
0:44:31]} 12. Nxd4 {[%clk 0:51:33]} 12... Bxd4 {[%clk 0:44:50]} 13. c3 { [%clk
0:51:03]} 13... Bb6 {[%clk 0:44:44]} 14. Ne3 {[%clk 0:47:59]} 14... Be4 { [%clk
0:40:36]} 15. O-O-O {[%clk 0:41:23]} 15... Ne7 {[%clk 0:36:20]} 16. Rhe1 {[%clk
0:32:09]} 16... Ng6 {[%clk 0:35:29]} 17. g3 {[%clk 0:30:51]} 17... Nxf4 {[%clk
0:32:45]} 18. gxf4 {[%clk 0:31:04]} 18... O-O {[%clk 0:32:02]} 19. e6 { [%clk
0:29:12]} 19... fxe6 {[%clk 0:29:12]} 20. Bxe6+ {[%clk 0:28:57]} 20... Kh8
{[%clk 0:29:23]} 21. Nd5 {[%clk 0:21:03]} 21... Bxd5 {[%clk 0:28:58]} 22. Bxd5
{[%clk 0:21:03]} 22... c6 {[%clk 0:29:01]} 23. Bb3 {[%clk 0:20:30]} 23... Rae8
{[%clk 0:24:42]} 24. Rxe8 {[%clk 0:18:54]} 24... Rxe8 {[%clk 0:25:07]} 25. f5
{[%clk 0:18:26]} 25... Rd8 {[%clk 0:22:24]} 26. Re1 {[%clk 0:18:35]} 26... Bc5
{[%clk 0:21:53]} 27. Re4 {[%clk 0:15:34]} 27... h6 {[%clk 0:20:17]} 28. Bf7
{[%clk 0:12:50]} 28... Kh7 {[%clk 0:16:05]} 29. b4 {[%clk 0:12:44]} 29... Bf8 {
[%clk 0:15:01]} 30. Kc2 {[%clk 0:11:46]} 30... c5 {[%clk 0:12:32]} 31. b5 {
[%clk 0:11:19]} 31... b6 {[%clk 0:12:17]} 32. Re6 {[%clk 0:10:48]} 32... Bd6 {
[%clk 0:11:16]} 33. Re2 {[%clk 0:10:09]} 33... Bf8 {[%clk 0:10:07]} 34. h4 {
[%clk 0:09:03]} 34... Rd7 {[%clk 0:08:35]} 35. Be6 {[%clk 0:07:23]} 35... Rd8 {
[%clk 0:08:05]} 36. h5 {[%clk 0:05:08]} 36... Rd6 {[%clk 0:07:34]} 37. Re4 {
[%clk 0:04:55]} 37... Rd8 {[%clk 0:07:20]} 38. Ra4 {[%clk 0:05:08]} 38... Ra8 {
[%clk 0:07:32]} 39. Bd5 {[%clk 0:05:13]} 39... Rd8 {[%clk 0:07:28]} 40. Bc6 {
[%clk 0:05:09]} 40... Bd6 {[%clk 0:05:46]} 41. Rxa7 {[%clk 0:05:01]} 41... Kh8
{[%clk 0:04:36]} 42. a4 {[%clk 0:03:42]} 42... Bf4 {[%clk 0:04:17]} 43. Rd7 {
[%clk 0:01:51]} 43... Rf8 {[%clk 0:03:57]} 44. Re7 {[%clk 0:14:03]} 44... Bd6 {
[%clk 0:17:51]} 45. Re8 {[%clk 0:14:09]} 45... Rxe8 {[%clk 0:18:05]} 46. Bxe8 {
[%clk 0:14:34]} 46... Bc7 {[%clk 0:18:22]} 47. Bf7 {[%clk 0:14:15]} 47... Kh7 {
[%clk 0:18:31]} 48. Kd3 {[%clk 0:14:16]} 48... Kh8 {[%clk 0:18:46]} 49. Ke4 {
[%clk 0:14:20]} 49... Kh7 {[%clk 0:18:58]} 50. Kd5 {[%clk 0:14:18]} 50... Kh8 {
[%clk 0:19:14]} 51. Ke6 {[%clk 0:13:28]} 51... Bd8 {[%clk 0:18:47]} 52. Kd5 {
[%clk 0:11:28]} 52... Bc7 {[%clk 0:18:51]} 53. a5 {[%clk 0:09:16]} 53... bxa5 {
[%clk 0:19:13]} 54. Kxc5 {[%clk 0:09:28]} 54... a4 {[%clk 0:19:26]} 55. Kb4 {
[%clk 0:09:10]} 55... Be5 {[%clk 0:19:28]} 56. c4 {[%clk 0:09:18]} 56... Bd6+ {
[%clk 0:19:25]} 57. Kxa4 {[%clk 0:09:29]} 57... Bc5 {[%clk 0:19:31]} 58. Ka5 {
[%clk 0:09:42]} 1-0

[Event "DEM U12w 2017"]
[Site "Willingen GER"]
[Date "2017.06.09"]
[Round "9"]
[White "Dietz, Kristin"]
[Black "Ziegenfuß, Antonia"]
[Result "0-1"]
[Termination "normal"]
[Board "2"]
[WhiteElo "1733"]
[BlackElo "1911"]
[WhiteClock "00:55:02"]
[BlackClock "00:09:41"]
[PlyCount "126"]
[WhiteFideId "12993743"]
[BlackFideId "12962554"]
[EventCountry "GER"]
[EventRounds "11"]
[EventType "swiss"]
[EventDate "2017.06.03"]

1. e4 {[%clk 1:15:58]} 1... c5 {[%clk 1:15:54]} 2. Nf3 {[%clk 1:16:18]} 2... a6
{[%clk 1:16:16]} 3. c3 {[%clk 1:16:41]} 3... d5 {[%clk 1:16:39]} 4. exd5 {
[%clk 1:16:42]} 4... Qxd5 {[%clk 1:17:02]} 5. d4 {[%clk 1:16:44]} 5... e6 {
[%clk 1:17:08]} 6. Be2 {[%clk 1:11:53]} 6... Nf6 {[%clk 1:15:31]} 7. O-O {
[%clk 1:11:34]} 7... cxd4 {[%clk 1:13:44]} 8. cxd4 {[%clk 1:11:19]} 8... Be7 {
[%clk 1:11:56]} 9. Nc3 {[%clk 1:11:24]} 9... Qd8 {[%clk 1:07:47]} 10. Be3 {
[%clk 1:11:03]} 10... Nc6 {[%clk 1:07:41]} 11. Qc2 {[%clk 1:06:57]} 11... Nb4 {
[%clk 1:01:46]} 12. Qb3 {[%clk 1:05:16]} 12... O-O {[%clk 0:59:17]} 13. Rfd1 {
[%clk 1:04:30]} 13... b6 {[%clk 0:45:32]} 14. Ne5 {[%clk 0:52:12]} 14... Bb7 {
[%clk 0:44:03]} 15. Nd3 {[%clk 0:48:17]} 15... Nbd5 {[%clk 0:42:35]} 16. Rac1 {
[%clk 0:46:29]} 16... Qd6 {[%clk 0:34:16]} 17. Ne5 {[%clk 0:43:54]} 17... Rac8
{[%clk 0:24:31]} 18. Na4 {[%clk 0:42:08]} 18... Qb4 {[%clk 0:22:11]} 19. Qxb4 {
[%clk 0:40:28]} 19... Bxb4 {[%clk 0:22:30]} 20. a3 {[%clk 0:40:04]} 20... Be7 {
[%clk 0:21:59]} 21. Bf3 {[%clk 0:39:54]} 21... Ba8 {[%clk 0:21:15]} 22. Bxd5 {
[%clk 0:39:55]} 22... Nxd5 {[%clk 0:16:09]} 23. Nd7 {[%clk 0:40:00]} 23... Rfd8
{[%clk 0:15:59]} 24. Rxc8 {[%clk 0:40:00]} 24... Rxc8 {[%clk 0:16:13]} 25.
Naxb6 {[%clk 0:40:02]} 25... Nxb6 {[%clk 0:16:06]} 26. Nxb6 {[%clk 0:40:24]}
26... Rb8 {[%clk 0:15:52]} 27. Nxa8 {[%clk 0:40:45]} 27... Rxa8 {[%clk 0:16:18]
} 28. d5 {[%clk 0:40:47]} 28... Rd8 {[%clk 0:15:37]} 29. d6 {[%clk 0:40:21]}
29... Rxd6 {[%clk 0:14:50]} 30. Rxd6 {[%clk 0:40:08]} 30... Bxd6 { [%clk
0:15:14]} 31. h3 {[%clk 0:40:10]} 31... f5 32. b4 32... Kf7 { [%clk 0:11:44]}
33. Kf1 {[%clk 0:40:32]} 33... e5 {[%clk 0:11:45]} 34. Ke2 { [%clk 0:40:42]}
34... Ke6 {[%clk 0:12:08]} 35. Kd3 {[%clk 0:40:23]} 35... Kd5 { [%clk 0:12:09]}
36. Kc3 {[%clk 0:40:17]} 36... Be7 {[%clk 0:08:15]} 37. a4 { [%clk 0:40:07]}
37... Bd6 {[%clk 0:06:52]} 38. g3 {[%clk 0:39:24]} 38... h6 { [%clk 0:05:17]}
39. h4 {[%clk 0:39:15]} 39... f4 {[%clk 0:01:49]} 40. gxf4 { [%clk 0:39:32]}
40... exf4 {[%clk 0:02:14]} 41. Bd4 {[%clk 0:39:25]} 41... Bxb4+ {[%clk
0:13:25]} 42. Kxb4 {[%clk 0:55:16]} 42... Kxd4 {[%clk 0:13:50]} 43. h5 {[%clk
0:55:30]} 43... Kd3 {[%clk 0:11:43]} 44. Ka5 {[%clk 0:55:54]} 44... Ke2 {[%clk
0:12:11]} 45. Kxa6 {[%clk 0:56:14]} 45... Kxf2 {[%clk 0:12:28] } 46. Kb6 {[%clk
0:56:32]} 46... Ke3 {[%clk 0:12:25]} 47. a5 {[%clk 0:56:55]} 47... f3 {[%clk
0:12:51]} 48. a6 {[%clk 0:57:21]} 48... f2 {[%clk 0:13:16]} 49. a7 {[%clk
0:57:48]} 49... f1=Q {[%clk 0:13:41]} 50. a8=Q {[%clk 0:58:13]} 50... Qb1+
{[%clk 0:13:37]} 51. Kc7 {[%clk 0:58:18]} 51... Qc2+ {[%clk 0:14:02]} 52. Kd6
{[%clk 0:57:46]} 52... Qd3+ {[%clk 0:12:55]} 53. Kc7 {[%clk 0:57:31]} 53...
Qc4+ {[%clk 0:13:12]} 54. Kd6 {[%clk 0:57:51]} 54... Qd4+ {[%clk 0:13:07]} 55.
Kc7 {[%clk 0:57:50]} 55... Qe5+ {[%clk 0:13:30]} 56. Kd7 {[%clk 0:57:57]} 56...
Qxh5 {[%clk 0:12:27]} 57. Qa3+ {[%clk 0:57:37]} 57... Kf4 {[%clk 0:10:44]} 58.
Qb4+ {[%clk 0:57:33]} 58... Kg3 {[%clk 0:09:53]} 59. Qe1+ {[%clk 0:57:35]}
59... Kg4 {[%clk 0:09:37]} 60. Qg1+ {[%clk 0:57:37]} 60... Kf4 {[%clk 0:09:44]}
61. Qd4+ {[%clk 0:57:37]} 61... Kg3 {[%clk 0:09:01]} 62. Qg1+ {[%clk 0:57:43]}
62... Kh4 {[%clk 0:09:21]} 63. Qxg7 {[%clk 0:55:02]} 63... Qg4+ {[%clk 0:09:41]
} 0-1

[Event "DEM U12w 2017"]
[Site "Willingen GER"]
[Date "2017.06.09"]
[Round "9"]
[White "Reuter, Elisa"]
[Black "Butenandt, Svenja"]
[Result "1-0"]
[Termination "normal"]
[Board "3"]
[WhiteElo "1655"]
[BlackElo "1473"]
[WhiteClock "00:07:35"]
[BlackClock "00:01:55"]
[PlyCount "71"]
[WhiteFideId "12995444"]
[BlackFideId "12993859"]
[EventCountry "GER"]
[EventRounds "11"]
[EventType "swiss"]
[EventDate "2017.06.03"]

1. e4 {[%clk 1:15:59]} 1... c5 {[%clk 1:15:54]} 2. Be2 {[%clk 1:16:25]} 2... d6
{[%clk 1:16:08]} 3. f4 {[%clk 1:16:48]} 3... Nc6 {[%clk 1:15:59]} 4. c3 { [%clk
1:15:47]} 4... Nf6 {[%clk 1:15:51]} 5. d3 {[%clk 1:16:01]} 5... e6 6. Nf3
{[%clk 1:16:10]} 6... Be7 {[%clk 1:14:56]} 7. O-O {[%clk 1:15:28]} 7... O-O {
[%clk 1:14:20]} 8. Kh1 {[%clk 1:14:22]} 8... a6 {[%clk 1:13:57]} 9. Na3 { [%clk
1:14:22]} 9... b5 {[%clk 1:13:57]} 10. Nc2 {[%clk 1:14:37]} 10... Bb7 { [%clk
1:11:42]} 11. Be3 {[%clk 1:13:18]} 11... Re8 {[%clk 1:10:12]} 12. Qe1 Qc7 13.
h3 Rad8 14. g4 14... Nd7 {[%clk 1:04:08]} 15. Rg1 {[%clk 1:01:16]} 15... g6
{[%clk 0:59:12]} 16. g5 {[%clk 0:53:42]} 16... Bf8 {[%clk 0:53:20]} 17. h4 {
[%clk 0:51:43]} 17... Bg7 {[%clk 0:53:10]} 18. Rg2 {[%clk 0:45:00]} 18... Ba8 {
[%clk 0:48:43]} 19. Rh2 {[%clk 0:43:37]} 19... a5 {[%clk 0:44:30]} 20. Bd2 {
[%clk 0:36:02]} 20... Qa7 {[%clk 0:40:32]} 21. Ne3 {[%clk 0:34:08]} 21... b4 {
[%clk 0:35:44]} 22. Rc1 {[%clk 0:32:46]} 22... Rb8 {[%clk 0:34:00]} 23. Rc2 {
[%clk 0:27:25]} 23... a4 {[%clk 0:31:02]} 24. Rc1 {[%clk 0:16:34]} 24... a3 {
[%clk 0:25:14]} 25. b3 {[%clk 0:15:04]} 25... Qb6 {[%clk 0:15:56]} 26. Ng4 {
[%clk 0:13:54]} 26... Re7 {[%clk 0:14:46]} 27. h5 {[%clk 0:11:29]} 27... Qa7 {
[%clk 0:08:50]} 28. Qh4 {[%clk 0:09:28]} 28... Nf8 {[%clk 0:08:50]} 29. Nf6+ {
[%clk 0:09:33]} 29... Bxf6 {[%clk 0:07:30]} 30. gxf6 {[%clk 0:09:59]} 30... Rc7
{[%clk 0:07:03]} 31. Qg5 {[%clk 0:10:04]} 31... e5 {[%clk 0:06:40]} 32. f5 {
[%clk 0:09:28]} 32... Nd8 {[%clk 0:02:13]} 33. Qh6 {[%clk 0:07:44]} 33... Nde6
{[%clk 0:02:32]} 34. fxe6 {[%clk 0:07:56]} 34... fxe6 {[%clk 0:02:35]} 35. Ng5
{[%clk 0:07:35]} 35... Bc6 {[%clk 0:01:55]} 36. f7+ 1-0

[Event "DEM U12w 2017"]
[Site "Willingen GER"]
[Date "2017.06.09"]
[Round "9"]
[White "Nguyen, Phuong Thao Vivien"]
[Black "Kalina, Lena"]
[Result "0-1"]
[Termination "normal"]
[Board "4"]
[WhiteElo "1540"]
[BlackElo "1454"]
[WhiteClock "00:18:54"]
[BlackClock "00:11:22"]
[PlyCount "78"]
[WhiteFideId "16210735"]
[BlackFideId "12988014"]
[EventCountry "GER"]
[EventRounds "11"]
[EventType "swiss"]
[EventDate "2017.06.03"]

1. a3 {[%clk 1:15:58]} 1... g6 {[%clk 1:14:14]} 2. Nf3 {[%clk 1:16:13]} 2...
Bg7 {[%clk 1:14:19]} 3. g3 {[%clk 1:16:31]} 3... c5 {[%clk 1:13:18]} 4. Bg2 {
[%clk 1:16:40]} 4... d5 {[%clk 1:12:02]} 5. O-O {[%clk 1:16:44]} 5... Nc6 {
[%clk 1:11:40]} 6. d3 {[%clk 1:16:31]} 6... Nf6 {[%clk 1:10:41]} 7. Nc3 { [%clk
1:16:08]} 7... O-O {[%clk 1:09:50]} 8. Rb1 {[%clk 1:16:04]} 8... b6 { [%clk
1:08:09]} 9. b4 {[%clk 1:15:34]} 9... Bf5 {[%clk 1:06:35]} 10. Na4 { [%clk
1:13:52]} 10... Qd6 {[%clk 1:04:59]} 11. Bd2 {[%clk 1:12:14]} 11... Rfe8 {[%clk
1:02:13]} 12. Nh4 {[%clk 1:10:28]} 12... Bd7 {[%clk 1:01:31]} 13. c4 { [%clk
1:09:09]} 13... Rac8 {[%clk 0:56:47]} 14. bxc5 {[%clk 1:07:05]} 14... bxc5
{[%clk 0:56:33]} 15. cxd5 {[%clk 1:04:50]} 15... Nxd5 {[%clk 0:54:39]} 16. Qb3
{[%clk 1:02:43]} 16... Nd4 {[%clk 0:51:19]} 17. Qxd5 {[%clk 0:55:44]} 17...
Qxd5 {[%clk 0:51:16]} 18. Bxd5 {[%clk 0:55:42]} 18... Nxe2+ {[%clk 0:51:15]}
19. Kg2 {[%clk 0:56:02]} 19... Bxa4 {[%clk 0:51:33]} 20. Bf3 {[%clk 0:53:14]}
20... Nd4 {[%clk 0:50:43]} 21. Rb7 {[%clk 0:46:30]} 21... Bb5 {[%clk 0:46:16]}
22. Rxa7 {[%clk 0:44:45]} 22... Bxd3 {[%clk 0:45:43]} 23. Re1 {[%clk 0:43:03]}
23... e6 {[%clk 0:44:25]} 24. Be4 {[%clk 0:38:34]} 24... Bxe4+ {[%clk 0:43:30]}
25. Rxe4 {[%clk 0:38:54]} 25... c4 {[%clk 0:38:38]} 26. Nf3 {[%clk 0:38:33]}
26... Nxf3 {[%clk 0:37:30]} 27. Kxf3 {[%clk 0:38:52]} 27... c3 {[%clk 0:37:28]}
28. Bc1 {[%clk 0:38:37]} 28... Red8 {[%clk 0:35:59]} 29. Re1 {[%clk 0:37:22]}
29... Bd4 {[%clk 0:33:27]} 30. Ra4 {[%clk 0:36:24]} 30... Bf6 {[%clk 0:32:59]}
31. Be3 {[%clk 0:34:59]} 31... c2 {[%clk 0:29:00]} 32. Bc1 {[%clk 0:32:52]}
32... Rc6 {[%clk 0:21:24]} 33. Rae4 {[%clk 0:30:37]} 33... Rc3+ {[%clk 0:19:55]
} 34. R4e3 {[%clk 0:30:43]} 34... Rc5 {[%clk 0:19:02]} 35. h4 {[%clk 0:30:23]}
35... Kf8 {[%clk 0:16:59]} 36. a4 {[%clk 0:29:18]} 36... Ke8 {[%clk 0:15:43]}
37. Ba3 {[%clk 0:28:01]} 37... Ra5 {[%clk 0:14:30]} 38. Re4 {[%clk 0:26:17]}
38... Rd3+ {[%clk 0:13:36]} 39. R1e3 {[%clk 0:18:54]} 39... Rxa3 { [%clk
0:11:22]} 0-1

[Event "DEM U12w 2017"]
[Site "Willingen GER"]
[Date "2017.06.09"]
[Round "9"]
[White "Orlova, Alicia"]
[Black "Reichelt, Lena"]
[Result "1-0"]
[Termination "normal"]
[Board "5"]
[WhiteElo "1452"]
[BlackElo "1467"]
[WhiteClock "00:16:22"]
[BlackClock "00:00:48"]
[PlyCount "117"]
[WhiteFideId "34154563"]
[BlackFideId "12981184"]
[EventCountry "GER"]
[EventRounds "11"]
[EventType "swiss"]
[EventDate "2017.06.03"]

1. e4 {[%clk 1:15:58]} 1... e6 {[%clk 1:15:51]} 2. Qe2 {[%clk 1:16:17]} 2...
Ne7 {[%clk 1:10:38]} 3. g3 {[%clk 1:16:17]} 3... d5 {[%clk 1:09:53]} 4. e5 {
[%clk 1:14:23]} 4... c5 {[%clk 1:09:39]} 5. Bg2 {[%clk 1:13:23]} 5... Nbc6 {
[%clk 1:08:32]} 6. c3 {[%clk 1:11:50]} 6... Qb6 {[%clk 1:05:16]} 7. Nf3 { [%clk
1:10:11]} 7... Ng6 {[%clk 1:03:47]} 8. O-O {[%clk 1:08:58]} 8... Be7 { [%clk
1:03:53]} 9. d3 {[%clk 1:07:49]} 9... O-O {[%clk 1:02:33]} 10. Nbd2 { [%clk
1:05:37]} 10... Bd7 {[%clk 0:57:34]} 11. Re1 {[%clk 1:03:50]} 11... Rac8 {[%clk
0:54:22]} 12. Nb3 {[%clk 1:01:38]} 12... a5 {[%clk 0:42:49]} 13. h4 { [%clk
0:56:36]} 13... h6 {[%clk 0:37:49]} 14. h5 {[%clk 0:54:18]} 14... Nh8 { [%clk
0:37:34]} 15. Be3 {[%clk 0:52:51]} 15... a4 {[%clk 0:36:32]} 16. Nc1 { [%clk
0:52:42]} 16... Qc7 {[%clk 0:35:19]} 17. d4 {[%clk 0:51:16]} 17... cxd4 { [%clk
0:33:54]} 18. cxd4 {[%clk 0:50:45]} 18... Nb4 {[%clk 0:34:02]} 19. Rd1 { [%clk
0:48:46]} 19... Qc2 {[%clk 0:29:23]} 20. Qxc2 {[%clk 0:42:28]} 20... Nxc2
{[%clk 0:29:23]} 21. Rb1 {[%clk 0:42:35]} 21... Nxe3 {[%clk 0:29:35]} 22. fxe3
{[%clk 0:42:44]} 22... Rc2 {[%clk 0:28:11]} 23. Nd3 {[%clk 0:40:46]} 23... g6 {
[%clk 0:20:30]} 24. g4 {[%clk 0:37:56]} 24... Kh7 {[%clk 0:17:38]} 25. Rbc1 {
[%clk 0:36:24]} 25... Rfc8 {[%clk 0:17:16]} 26. Rxc2 {[%clk 0:35:45]} 26...
Rxc2 {[%clk 0:17:23]} 27. Rc1 {[%clk 0:35:48]} 27... Rxc1+ {[%clk 0:16:54]} 28.
Nxc1 {[%clk 0:36:07]} 28... gxh5 {[%clk 0:16:28]} 29. gxh5 {[%clk 0:36:00]}
29... f6 {[%clk 0:15:12]} 30. Nd3 {[%clk 0:35:20]} 30... b6 {[%clk 0:14:10]}
31. exf6 {[%clk 0:30:30]} 31... Bxf6 {[%clk 0:14:05]} 32. Bh3 {[%clk 0:30:40]}
32... Nf7 {[%clk 0:13:21]} 33. Kf2 {[%clk 0:21:55]} 33... Nd6 {[%clk 0:11:39]}
34. Nf4 {[%clk 0:18:33]} 34... Ne4+ {[%clk 0:04:50]} 35. Ke1 {[%clk 0:17:47]}
35... Bg5 {[%clk 0:04:25]} 36. Nxd5 {[%clk 0:17:14]} 36... exd5 {[%clk 0:03:39]
} 37. Nxg5+ {[%clk 0:17:00]} 37... hxg5 {[%clk 0:03:26]} 38. Bxd7 { [%clk
0:17:03]} 38... Nf6 {[%clk 0:03:21]} 39. Bxa4 {[%clk 0:16:40]} 39... Nxh5
{[%clk 0:03:32]} 40. Bc6 {[%clk 0:16:07]} 40... Nf6 {[%clk 0:03:42]} 41. a4 {
[%clk 0:15:48]} 41... g4 {[%clk 0:01:32]} 42. Kf1 {[%clk 0:14:51]} 42... Kg7 {
[%clk 0:13:52]} 43. b4 {[%clk 0:28:21]} 43... Ne4 {[%clk 0:12:04]} 44. a5 {
[%clk 0:25:45]} 44... bxa5 {[%clk 0:10:47]} 45. bxa5 {[%clk 0:25:18]} 45... Nd6
{[%clk 0:09:20]} 46. a6 {[%clk 0:24:20]} 46... Nc8 {[%clk 0:09:07]} 47. Bb7 {
[%clk 0:24:02]} 47... Na7 {[%clk 0:08:55]} 48. Bxd5 {[%clk 0:23:38]} 48... Kf8
{[%clk 0:08:30]} 49. Be6 {[%clk 0:22:49]} 49... g3 {[%clk 0:08:10]} 50. Kg2 {
[%clk 0:22:39]} 50... Ke7 {[%clk 0:08:02]} 51. Bc4 {[%clk 0:22:18]} 51... Kd6 {
[%clk 0:07:50]} 52. Kxg3 {[%clk 0:21:48]} 52... Kc7 {[%clk 0:07:19]} 53. e4 {
[%clk 0:21:30]} 53... Kb6 {[%clk 0:06:48]} 54. e5 {[%clk 0:21:11]} 54... Nc6 {
[%clk 0:06:20]} 55. Kf4 {[%clk 0:19:39]} 55... Nxd4 {[%clk 0:05:56]} 56. Ke4 {
[%clk 0:18:46]} 56... Nc6 {[%clk 0:05:30]} 57. e6 {[%clk 0:17:48]} 57... Nd8 {
[%clk 0:01:18]} 58. Kd5 {[%clk 0:16:22]} 58... Nc6 {[%clk 0:00:48]} 59. Kd6 1-0

[Event "DEM U12w 2017"]
[Site "Willingen GER"]
[Date "2017.06.09"]
[Round "9"]
[White "Heutling, Elina"]
[Black "Peglau, Mirjam"]
[Result "1/2-1/2"]
[Termination "normal"]
[Board "6"]
[WhiteElo "1461"]
[BlackElo "1579"]
[WhiteClock "00:03:44"]
[BlackClock "00:12:03"]
[PlyCount "163"]
[WhiteFideId "16244729"]
[BlackFideId "16211138"]
[EventCountry "GER"]
[EventRounds "11"]
[EventType "swiss"]
[EventDate "2017.06.03"]

1. e4 {[%clk 1:15:58]} 1... c5 {[%clk 1:15:55]} 2. Nf3 {[%clk 1:16:23]} 2... d6
{[%clk 1:16:20]} 3. d4 {[%clk 1:16:47]} 3... cxd4 {[%clk 1:16:46]} 4. Nxd4 {
[%clk 1:17:09]} 4... Nf6 {[%clk 1:17:12]} 5. Nc3 {[%clk 1:17:15]} 5... g6 {
[%clk 1:17:36]} 6. Be3 {[%clk 1:16:10]} 6... Bg7 {[%clk 1:18:01]} 7. Bc4 {
[%clk 1:11:13]} 7... O-O {[%clk 1:17:32]} 8. f3 {[%clk 1:10:30]} 8... Nc6 {
[%clk 1:17:47]} 9. Bb3 {[%clk 1:10:04]} 9... Bd7 {[%clk 1:17:53]} 10. Qd2 10...
Qa5 {[%clk 1:17:31]} 11. O-O-O {[%clk 1:06:02]} 11... Rfc8 {[%clk 1:17:38]} 12.
Kb1 {[%clk 1:05:05]} 12... Ne5 {[%clk 1:17:29]} 13. g4 {[%clk 1:01:31]} 13...
Nc4 {[%clk 1:17:03]} 14. Bxc4 {[%clk 1:01:21]} 14... Rxc4 {[%clk 1:17:28]} 15.
Nb3 {[%clk 1:01:09]} 15... Qc7 {[%clk 1:14:36]} 16. Bh6 {[%clk 0:51:40]} 16...
b5 {[%clk 1:12:08]} 17. Bxg7 {[%clk 0:49:11]} 17... Kxg7 {[%clk 1:12:36]} 18.
g5 {[%clk 0:47:21]} 18... Nh5 {[%clk 1:09:54]} 19. Nd5 {[%clk 0:39:48]} 19...
Qd8 {[%clk 1:09:35]} 20. h4 {[%clk 0:36:12]} 20... Be6 {[%clk 1:08:52]} 21. Ne3
{[%clk 0:33:29]} 21... Rc7 {[%clk 1:07:35]} 22. Nd4 {[%clk 0:30:27]} 22... Qd7
{[%clk 1:06:16]} 23. Rhg1 {[%clk 0:25:03]} 23... a5 {[%clk 0:59:49]} 24. Nxe6+
{[%clk 0:20:43]} 24... Qxe6 {[%clk 0:59:33]} 25. Nd5 {[%clk 0:20:22]} 25... Rc5
{[%clk 0:58:56]} 26. Rdf1 {[%clk 0:14:49]} 26... b4 {[%clk 0:56:05]} 27. Qd4+ {
[%clk 0:12:53]} 27... Kg8 {[%clk 0:52:45]} 28. f4 {[%clk 0:12:39]} 28... Rac8 {
[%clk 0:47:47]} 29. Rf2 {[%clk 0:12:03]} 29... Rc4 {[%clk 0:41:53]} 30. f5 {
[%clk 0:06:11]} 30... Qxe4 {[%clk 0:32:22]} 31. Qxe4 {[%clk 0:05:42]} 31...
Rxe4 {[%clk 0:32:51]} 32. f6 {[%clk 0:04:47]} 32... exf6 {[%clk 0:32:57]} 33.
gxf6 {[%clk 0:04:38]} 33... Kf8 {[%clk 0:31:46]} 34. Rh2 {[%clk 0:02:51]} 34...
Rce8 {[%clk 0:30:37]} 35. b3 {[%clk 0:02:24]} 35... Re1+ {[%clk 0:21:17]} 36.
Rxe1 {[%clk 0:02:50]} 36... Rxe1+ {[%clk 0:21:44]} 37. Kb2 {[%clk 0:03:11]}
37... Rd1 {[%clk 0:15:31]} 38. c4 {[%clk 0:01:31]} 38... bxc3+ {[%clk 0:15:26]}
39. Nxc3 {[%clk 0:01:45]} 39... Rd4 {[%clk 0:13:41]} 40. Nb5 {[%clk 0:01:03]}
40... Rd5 {[%clk 0:12:49]} 41. a4 {[%clk 0:12:22]} 41... Nxf6 {[%clk 0:27:52]}
42. Rc2 {[%clk 0:09:27]} 42... Rc5 {[%clk 0:17:55]} 43. Nxd6 {[%clk 0:04:26]}
43... Nd7 {[%clk 0:15:21]} 44. Re2 {[%clk 0:02:40]} 44... Rd5 {[%clk 0:12:01]}
45. Re8+ {[%clk 0:01:38]} 45... Kg7 {[%clk 0:12:19]} 46. Nc4 {[%clk 0:01:48]}
46... Nc5 {[%clk 0:09:09]} 47. Rb8 {[%clk 0:01:24]} 47... Nd3+ {[%clk 0:08:22]}
48. Kc3 {[%clk 0:01:33]} 48... f5 {[%clk 0:05:54]} 49. Rb7+ {[%clk 0:01:19]}
49... Kh6 {[%clk 0:05:51]} 50. Rf7 {[%clk 0:01:38]} 50... Ne5 {[%clk 0:05:42]}
51. Re7 {[%clk 0:01:50]} 51... Nxc4 {[%clk 0:04:11]} 52. bxc4 {[%clk 0:01:37]}
52... Rc5 {[%clk 0:04:10]} 53. Kd4 {[%clk 0:01:56]} 53... Rc8 {[%clk 0:04:30]}
54. c5 {[%clk 0:01:26]} 54... Rh8 {[%clk 0:03:05]} 55. c6 {[%clk 0:01:18]}
55... Kh5 {[%clk 0:03:28]} 56. c7 {[%clk 0:01:10]} 56... h6 {[%clk 0:03:52]}
57. Rd7 {[%clk 0:01:15]} 57... Rc8 {[%clk 0:04:16]} 58. Kc5 {[%clk 0:01:10]}
58... f4 {[%clk 0:04:32]} 59. Kc6 {[%clk 0:00:57]} 59... f3 {[%clk 0:04:34]}
60. Rf7 {[%clk 0:01:13]} 60... Kg4 {[%clk 0:04:52]} 61. Kd7 {[%clk 0:01:23]}
61... Ra8 {[%clk 0:04:40]} 62. c8=Q {[%clk 0:01:18]} 62... Rxc8 {[%clk 0:05:07]
} 63. Kxc8 {[%clk 0:01:46]} 63... Kg3 {[%clk 0:05:23]} 64. Kb7 {[%clk 0:01:46]}
64... g5 {[%clk 0:05:26]} 65. hxg5 {[%clk 0:01:48]} 65... hxg5 {[%clk 0:05:55]}
66. Kb6 {[%clk 0:01:29]} 66... g4 {[%clk 0:06:17]} 67. Kxa5 {[%clk 0:01:04]}
67... Kg2 {[%clk 0:06:36]} 68. Kb6 {[%clk 0:01:05]} 68... f2 {[%clk 0:07:01]}
69. a5 {[%clk 0:01:24]} 69... f1=Q {[%clk 0:07:26]} 70. Rxf1 {[%clk 0:01:38]}
70... Kxf1 {[%clk 0:07:55]} 71. a6 {[%clk 0:01:50]} 71... g3 {[%clk 0:08:22]}
72. a7 {[%clk 0:02:10]} 72... g2 {[%clk 0:08:50]} 73. a8=Q {[%clk 0:02:27]}
73... g1=Q+ {[%clk 0:09:14]} 74. Kb7 {[%clk 0:02:24]} 74... Qg2+ { [%clk
0:09:33]} 75. Ka7 {[%clk 0:02:49]} 75... Qa2+ {[%clk 0:09:56]} 76. Kb7 { [%clk
0:03:09]} 76... Qb3+ {[%clk 0:10:20]} 77. Kc7 {[%clk 0:02:59]} 77... Qf7+
{[%clk 0:10:46]} 78. Kc8 {[%clk 0:02:59]} 78... Qe8+ {[%clk 0:11:05]} 79. Kb7 {
[%clk 0:03:22]} 79... Qb5+ {[%clk 0:11:24]} 80. Ka7 {[%clk 0:03:10]} 80... Qa5+
{[%clk 0:11:50]} 81. Kb7 {[%clk 0:03:30]} 81... Qb4+ {[%clk 0:12:03]} 82. Ka7 {
[%clk 0:03:44]} 1/2-1/2